[Event "Reykjavik op"]
[Site "Reykjavik"]
[Date "2023.04.04"]
[Round "9"]
[White "Qiu, Peter Yong"]
[Black "Brunier, Jules"]
[Result "0-1"]
[WhiteElo "1729"]
[BlackElo "2015"]
[PlyCount "48"]
[EventDate "2023.03.29"]
[EventType "swiss"]
[EventRounds "9"]
[EventCountry "ISL"]
[SourceTitle "EXT 2024"]
[Source "ChessBase"]
[SourceDate "2023.10.10"]
[SourceVersion "1"]
[SourceVersionDate "2023.10.10"]
[SourceQuality "1"]

1. e4 e6 2. Nc3 d5 3. Nf3 Nf6 4. e5 Nfd7 5. d4 c5 6. Bg5 f6 7. Nh4 Nxe5 8. dxe5 fxg5 9. Qh5+ Kd7 10. 0-0-0 Kc7 11. Nf3 g6 12. Nb5+ Kb6 13. Qg4 a6 14. Na3 Be7 15. c4 Nc6 16. cxd5 exd5 17. Qa4 g4 18. Qb3+ Nb4 19. Nd2 Ka7 20. f4 gxf3 21. Nxf3 Bf5 22. h4 Qa5 23. Rg1 c4 24. Bxc4 dxc4 0-1

[Event "Reykjavik op"]
[Site "Reykjavik"]
[Date "2023.04.02"]
[Round "7"]
[White "Westerlind, Sture"]
[Black "Brunier, Jules"]
[Result "0-1"]
[WhiteElo "1568"]
[BlackElo "2015"]
[PlyCount "128"]
[EventDate "2023.03.29"]
[EventType "swiss"]
[EventRounds "9"]
[EventCountry "ISL"]
[SourceTitle "EXT 2024"]
[Source "ChessBase"]
[SourceDate "2023.10.10"]
[SourceVersion "1"]
[SourceVersionDate "2023.10.10"]
[SourceQuality "1"]

1. d4 d5 2. Nf3 Nf6 3. Bf4 e6 4. e3 Bd6 5. Ne5 0-0 6. Nd2 Ne4 7. c3 f6 8. Nxe4 dxe4 9. Nc4 Bxf4 10. exf4 b6 11. Ne3 Qd6 12. g3 Bb7 13. Bg2 Nd7 14. Qc2 f5 15. Rd1 Rad8 16. b3 c5 17. Bf1 Nf6 18. Be2 Nd5 19. Bc4 Qc6 20. Bxd5 exd5 21. 0-0 Ba6 22. c4 dxc4 23. d5 cxb3 24. Qxb3 Qb5 25. Qc2 Qa5 26. Rfe1 Bd3 27. Qb2 Qa4 28. Qe5 Qd4 29. Qe6+ Kh8 30. Qe7 Qf6 31. Qxa7 Ra8 32. Qc7 Rxa2 33. d6 Qb2 34. Rf1 Bxf1 35. Rxf1 Raa8 36. Nc4 Qd4 37. Ne3 Qf6 38. Qxb6 Qd4 39. Rd1 Ra1 40. Rxa1 Qxa1+ 41. Kg2 c4 42. Nxc4 Qa8 43. Ne3 Qd8 44. Qd4 Qf6 45. Qc5 Qe6 46. Qd4 Rb8 47. Nc4 Kg8 48. Qc5 Rc8 49. Qe5 Qxe5 50. Nxe5 Rc1 51. Kh3 Rd1 52. d7 Kf8 53. Kg2 Ke7 54. h4 Rd5 55. Kf1 Rxe5 56. fxe5 Kxd7 57. Ke2 Ke6 58. f4 exf3+ 59. Kxf3 Kxe5 60. Ke3 g6 61. Kf3 h6 62. Ke3 g5 63. Kf3 gxh4 64. gxh4 h5 0-1

[Event "Reykjavik op"]
[Site "Reykjavik"]
[Date "2023.04.01"]
[Round "5"]
[White "Spagnoli, Benjamin"]
[Black "Brunier, Jules"]
[Result "1/2-1/2"]
[WhiteElo "1744"]
[BlackElo "2015"]
[PlyCount "68"]
[EventDate "2023.03.29"]
[EventType "swiss"]
[EventRounds "9"]
[EventCountry "ISL"]
[SourceTitle "CBM 213 Extra"]
[Source "ChessBase"]
[SourceDate "2023.05.31"]
[SourceVersion "1"]
[SourceVersionDate "2023.05.31"]
[SourceQuality "1"]

1. d4 d5 2. Nc3 Nf6 3. Bf4 e6 4. e3 Bb4 5. Bd3 c5 6. dxc5 Qa5 7. Nge2 Nbd7 8. a3 Bxc3+ 9. Nxc3 Qxc5 10. 0-0 e5 11. Bg3 0-0 12. Qd2 Re8 13. b4 Qe7 14. Bb5 a6 15. Bxd7 Qxd7 16. Rad1 Qc6 17. Nxd5 Ne4 18. Qd3 Bf5 19. Qe2 Nxg3 20. fxg3 Bxc2 21. Rd2 Bb3 22. Qf3 f6 23. e4 Bxd5 24. Rxd5 Rad8 25. Rfd1 Rxd5 26. Rxd5 Qb6+ 27. Kf1 Rc8 28. Qb3 Kh8 29. Rd1 h6 30. Ke2 a5 31. b5 Rc5 32. a4 Qc7 33. b6 Qc8 34. h3 Rc3 1/2-1/2

[Event "Paris Universities-ch"]
[Site "Paris"]
[Date "2019.02.03"]
[Round "8"]
[White "Mercier, Mathys"]
[Black "Brunier, Jules"]
[Result "0-1"]
[WhiteElo "1889"]
[BlackElo "2015"]
[PlyCount "75"]
[EventDate "2019.02.01"]
[EventType "swiss"]
[EventRounds "9"]
[EventCountry "FRA"]
[SourceTitle "CBM 188 Extra"]
[Source "ChessBase"]
[SourceDate "2019.02.26"]
[SourceVersion "1"]
[SourceVersionDate "2019.02.26"]
[SourceQuality "1"]

1. e4 e6 2. d4 d5 3. Nc3 Nf6 4. e5 Nfd7 5. f4 c5 6. Nf3 Nc6 7. Bd3 cxd4 8. Ne2 Bc5 9. Ng3 f6 10. 0-0 0-0 11. Bd2 Re8 12. a3 a5 13. Kh1 f5 14. Ng5 Nf8 15. Nh5 Ng6 16. g4 h6 17. Nxe6 Bxe6 18. gxf5 Bxf5 19. Bxf5 Nh4 20. Qg4 Nxf5 21. Nf6+ Kh8 22. Nxe8 Qxe8 23. Qxf5 Qe7 24. b4 Rf8 25. Qd3 axb4 26. axb4 Bxb4 27. Bxb4 Nxb4 28. Qb3 Qc5 29. Rab1 Nxc2 30. Rbc1 Rc8 31. Rf2 d3 32. Qxd3 Qxf2 33. f5 d4 34. f6 gxf6 35. exf6 Qe3 36. Qd1 Qe4+ 37. Kg1 Rg8+ 38. Kf1 0-1

[Event "FRA-ch Students Blitz"]
[Site "Nancy"]
[Date "2018.02.03"]
[Round "2.1"]
[White "Barbot, Pierre"]
[Black "Brunier, Jules"]
[Result "1-0"]
[WhiteElo "2570"]
[BlackElo "2027"]
[PlyCount "99"]
[EventDate "2018.02.03"]
[EventType "swiss (blitz)"]
[EventRounds "15"]
[EventCountry "FRA"]
[SourceTitle "EXT 2019"]
[Source "ChessBase"]
[SourceDate "2018.10.10"]
[SourceVersion "1"]
[SourceVersionDate "2018.10.10"]
[SourceQuality "1"]

1. d4 d5 2. c4 c6 3. Nc3 Nf6 4. Nf3 e6 5. e3 Bd6 6. Qc2 Nbd7 7. Bd3 0-0 8. 0-0 e5 9. cxd5 cxd5 10. e4 exd4 11. Nxd5 Nxd5 12. exd5 h6 13. Re1 Nb6 14. Bc4 Qf6 15. Qd3 Bg4 16. Nxd4 Bb4 17. Re4 Rfe8 18. Bb3 Bh5 19. Rxe8+ Rxe8 20. Be3 Bd6 21. Qf5 Be5 22. Qxh5 Bxd4 23. Bxd4 Qxd4 24. g3 Qxb2 25. Rd1 Qf6 26. Rd3 Kh7 27. Rf3 Qg6 28. Qxg6+ fxg6 29. Rf7 Rd8 30. Rxb7 Nxd5 31. Rxa7 Nc3 32. Rc7 Nb5 33. Rc5 Nd4 34. Rd5 Rxd5 35. Bxd5 Nb5 36. a4 Na7 37. h4 g5 38. h5 Kh8 39. a5 g6 40. hxg6 Kg7 41. Be4 Kf6 42. a6 h5 43. Kg2 Nb5 44. Kh3 Na7 45. f4 gxf4 46. gxf4 Kg7 47. Kh4 Kh6 48. f5 Nc8 49. f6 Nd6 50. f7 1-0

[Event "Lisbon Check Mate op 3rd"]
[Site "Lisbon"]
[Date "2015.08.14"]
[Round "7"]
[White "Guerra, Vitor Manuel Vestia"]
[Black "Brunier, Jules"]
[Result "1-0"]
[WhiteElo "2119"]
[BlackElo "2029"]
[PlyCount "91"]
[EventDate "2015.08.08"]
[EventType "swiss"]
[EventRounds "7"]
[EventCountry "POR"]
[SourceTitle "EXT 2017"]
[Source "ChessBase"]
[SourceDate "2016.10.25"]
[SourceVersion "1"]
[SourceVersionDate "2016.10.25"]
[SourceQuality "1"]

1. d4 d5 2. Nf3 Nf6 3. g3 e6 4. Bg2 Be7 5. 0-0 0-0 6. c4 c6 7. Nc3 dxc4 8. Ne5 Nd5 9. Nxc4 b5 10. Ne5 a6 11. Ne4 Qb6 12. e3 Nd7 13. Nd3 Bb7 14. Bd2 a5 15. Qc2 b4 16. Rfc1 Ba6 17. Ndc5 Nxc5 18. Nxc5 Rfc8 19. Qb3 Bb5 20. h3 Ra7 21. e4 Nc7 22. Be3 Na6 23. a4 bxa3 24. bxa3 Nxc5 25. dxc5 Qc7 26. a4 Ba6 27. Rab1 Rb7 28. Qc2 Rb4 29. Bd2 Rc4 30. Qxc4 Bxc4 31. Rxc4 Qd8 32. Bf4 Qd3 33. Rbc1 g5 34. Bf1 Qb3 35. Bd2 Bd8 36. Rd4 e5 37. Rd7 Qb8 38. Bc3 Bc7 39. Bc4 Rf8 40. Rcd1 Qa7 41. R1d3 Qxc5 42. Bb3 Bb6 43. Rf3 Qa3 44. Bxe5 Qc1+ 45. Kg2 Qb2 46. Bxb2 1-0

[Event "Lisbon Check Mate op 3rd"]
[Site "Lisbon"]
[Date "2015.08.13"]
[Round "6"]
[White "Brunier, Jules"]
[Black "Leao, Tiago Miguel da S"]
[Result "1-0"]
[WhiteElo "2029"]
[BlackElo "1969"]
[PlyCount "61"]
[EventDate "2015.08.08"]
[EventType "swiss"]
[EventRounds "7"]
[EventCountry "POR"]
[SourceTitle "EXT 2017"]
[Source "ChessBase"]
[SourceDate "2016.10.25"]
[SourceVersion "1"]
[SourceVersionDate "2016.10.25"]
[SourceQuality "1"]

1. e4 c5 2. Nf3 d6 3. d4 cxd4 4. Nxd4 Nf6 5. Nc3 g6 6. Be2 Bg7 7. 0-0 0-0 8. Kh1 Nc6 9. Be3 Bd7 10. f4 Qb6 11. Nxc6 Qxc6 12. e5 Ne4 13. Nd5 Rfe8 14. Bf3 e6 15. Bxe4 exd5 16. Bxd5 Qc8 17. c4 Be6 18. Qf3 Bxd5 19. cxd5 Qd7 20. exd6 Bxb2 21. Rab1 Bg7 22. Bc5 b6 23. Ba3 Rac8 24. Rbc1 Bd4 25. Qd3 Bc5 26. Bb2 Re3 27. Qd2 Rce8 28. Be5 f6 29. Rxc5 bxc5 30. Qxe3 Qxd6 31. Bxd6 1-0

[Event "Latschach op 25th"]
[Site "Latschach"]
[Date "2009.08.13"]
[Round "7"]
[White "Brunier, Jules"]
[Black "Schreiner, Peter"]
[Result "0-1"]
[WhiteElo "2022"]
[BlackElo "2188"]
[PlyCount "120"]
[EventDate "2009.08.08"]
[EventType "swiss"]
[EventRounds "9"]
[EventCountry "AUT"]
[SourceTitle "CBM 131 Extra"]
[Source "ChessBase"]
[SourceDate "2009.09.03"]
[SourceVersion "2"]
[SourceVersionDate "2009.09.16"]
[SourceQuality "1"]

1. e4 c5 2. c3 Nf6 3. e5 Nd5 4. d4 cxd4 5. cxd4 d6 6. Nf3 Nc6 7. Bc4 Nb6 8. Bb5 dxe5 9. Nxe5 Bd7 10. Nxd7 Qxd7 11. Nc3 Rd8 12. 0-0 a6 13. Bxc6 Qxc6 14. Qb3 e6 15. Rd1 Nd5 16. Nxd5 Qxd5 17. Qg3 f6 18. Bf4 Kf7 19. h3 Be7 20. Rac1 Rc8 21. a3 Rxc1 22. Rxc1 Rd8 23. Bc7 Rc8 24. Qe3 Qb5 25. Qd2 a5 26. Rc3 a4 27. Qc2 g6 28. Bf4 Rxc3 29. Qxc3 Qb3 30. Bd2 Qxc3 31. Bxc3 Ke8 32. Kf1 Kd7 33. Ke2 Kc6 34. Kd3 Kd5 35. f3 f5 36. Bd2 b5 37. Bb4 Bf6 38. Bc3 f4 39. b4 axb3 40. Bb2 g5 41. Bc3 Bd8 42. Bb2 Ba5 43. Ba1 Be1 44. Ke2 Bg3 45. Kd3 Bf2 46. Bc3 Be3 47. Bb2 h6 48. Bc3 Bc1 49. Bb4 Bb2 50. Bf8 h5 51. Be7 Bxd4 52. Bxg5 b2 53. Kc2 e5 54. Bh4 e4 55. fxe4+ Kxe4 56. Be1 Bf6 57. Bf2 Be5 58. Bh4 Ke3 59. Be1 Ke2 60. Bd2 b1Q+ 0-1

[Event "FRA-ch U16"]
[Site "Aix les Bains"]
[Date "2009.04.24"]
[Round "7"]
[White "Fevre, Mathieu"]
[Black "Brunier, Jules"]
[Result "1/2-1/2"]
[WhiteElo "2065"]
[BlackElo "2004"]
[PlyCount "59"]
[EventDate "2009.04.19"]
[EventType "swiss"]
[EventRounds "9"]
[EventCountry "FRA"]
[SourceTitle "CBM 130 Extra"]
[Source "ChessBase"]
[SourceDate "2009.07.02"]
[SourceVersion "2"]
[SourceVersionDate "2009.07.15"]
[SourceQuality "1"]

1. e4 e6 2. Qe2 Nc6 3. Nf3 e5 4. c3 a5 5. d4 d6 6. Qc2 Nf6 7. a3 Qe7 8. Bd3 g6 9. h3 Bg7 10. 0-0 0-0 11. Be3 Re8 12. d5 Nb8 13. c4 c6 14. dxc6 bxc6 15. Nc3 Nbd7 16. Nd2 Bb7 17. Rac1 Rec8 18. Rfd1 d5 19. cxd5 cxd5 20. exd5 Bxd5 21. Nxd5 Nxd5 22. Qxc8+ Rxc8 23. Rxc8+ Nf8 24. Bc5 Qb7 25. Re8 Qc6 26. Rxf8+ Bxf8 27. Bxf8 Kxf8 28. Nc4 Nf4 29. Bf1 Qf6 30. Re1 1/2-1/2

[Event "FRA-chT2 North 0809"]
[Site "France"]
[Date "2009.04.05"]
[Round "11.6"]
[White "Miller, Vincent"]
[Black "Brunier, Jules"]
[Result "1-0"]
[WhiteElo "2011"]
[BlackElo "2004"]
[PlyCount "127"]
[EventDate "2008.10.19"]
[EventType "team-tourn"]
[EventRounds "11"]
[EventCountry "FRA"]
[SourceTitle "EXT 2010"]
[Source "ChessBase"]
[SourceDate "2010.11.25"]
[SourceVersion "1"]
[SourceVersionDate "2010.11.25"]
[SourceQuality "1"]
[WhiteTeam "Henin Beaumont"]
[BlackTeam "Saint Mande"]
[WhiteTeamCountry "FRA"]
[BlackTeamCountry "FRA"]

1. d4 e6 2. Nf3 f5 3. e3 Nf6 4. c4 b6 5. Nc3 Bb7 6. Bd3 Bb4 7. Qb3 Bxc3+ 8. Qxc3 0-0 9. b3 Ne4 10. Qc2 d6 11. Bb2 Nd7 12. Rg1 Ndf6 13. h3 Qe8 14. Qe2 Qh5 15. Nd2 Qh6 16. 0-0-0 a5 17. Nf1 d5 18. f3 Nd6 19. c5 bxc5 20. dxc5 Nf7 21. Nh2 a4 22. b4 a3 23. Ba1 Qh4 24. g4 Ng5 25. Be5 Nxh3 26. Rg2 Nd7 27. Bc3 f4 28. e4 Qe7 29. exd5 Bxd5 30. Bxh7+ Kxh7 31. Rxd5 Nf6 32. Re5 Rfe8 33. Qc2+ Kg8 34. Rge2 Qf7 35. g5 Nd5 36. Ng4 Nxc3 37. Qxc3 Qg6 38. Qc2 Qxc2+ 39. Kxc2 Kf7 40. g6+ Kxg6 41. Rxe6+ Kf7 42. Rxe8 Rxe8 43. Rxe8 Kxe8 44. Kb3 Kd7 45. Kxa3 Ng1 46. Nh2 Kc6 47. Kb3 Kd5 48. a4 Ne2 49. a5 Nd4+ 50. Kc3 Nb5+ 51. Kd3 Na7 52. a6 Nb5 53. Nf1 Kc6 54. Nd2 Kd7 55. Ne4 Kc8 56. Nc3 Na7 57. b5 Kb8 58. Ke4 Nc8 59. Kxf4 Ka7 60. c6 Kb6 61. Ke5 Kc5 62. Ke6 Nb6 63. Ke7 Kc4 64. Kd8 1-0

[Event "FRA-ch op-A"]
[Site "Pau"]
[Date "2008.08.17"]
[Round "6"]
[White "Brunier, Jules"]
[Black "Schweitzer, Adrien"]
[Result "0-1"]
[WhiteElo "1937"]
[BlackElo "2041"]
[PlyCount "86"]
[EventDate "2008.08.11"]
[EventType "swiss"]
[EventRounds "9"]
[EventCountry "FRA"]
[SourceTitle "CBM 126 Extra"]
[Source "ChessBase"]
[SourceDate "2008.11.05"]
[SourceVersion "1"]
[SourceVersionDate "2008.11.05"]
[SourceQuality "1"]

1. e4 e5 2. Nf3 Nc6 3. Bc4 Nf6 4. d4 exd4 5. e5 Ng4 6. Bxf7+ Kxf7 7. Ng5+ Kg8 8. Qxg4 h6 9. Nf3 d6 10. e6 Qf6 11. 0-0 Bxe6 12. Qg3 Re8 13. c3 dxc3 14. Nxc3 Bc4 15. Rd1 Kh7 16. Qh3 Ne5 17. Ng5+ Kg8 18. Nge4 Qf7 19. f4 d5 20. Nf2 Bc5 21. Na4 Bxf2+ 22. Kxf2 h5 23. Kg1 Ng4 24. Bd2 Qf6 25. Qc3 Qh4 26. Qg3 Qxg3 27. hxg3 b6 28. Re1 Kf7 29. b3 Bd3 30. Rac1 c5 31. Nc3 Nf6 32. a4 a6 33. a5 b5 34. Na2 Ne4 35. Be3 d4 36. Bf2 Rh6 37. Rxe4 Bxe4 38. Rxc5 d3 39. Rc1 d2 40. Rd1 Rd8 41. Be3 Rhd6 42. Nb4 Bf5 43. Kf2 Bg4 0-1

[Event "FRA-ch U14"]
[Site "La Roche sur Yon"]
[Date "2008.04.27"]
[Round "9"]
[White "Brunier, Jules"]
[Black "Ane, Cedric"]
[Result "1/2-1/2"]
[WhiteElo "1886"]
[BlackElo "2020"]
[PlyCount "125"]
[EventDate "2008.04.21"]
[EventType "swiss"]
[EventRounds "9"]
[EventCountry "FRA"]
[SourceTitle "EXT 2010"]
[Source "ChessBase"]
[SourceDate "2010.11.25"]
[SourceVersion "1"]
[SourceVersionDate "2010.11.25"]
[SourceQuality "1"]

1. e4 c5 2. c3 d5 3. exd5 Qxd5 4. d4 Nf6 5. Na3 cxd4 6. Nb5 Na6 7. Qxd4 Qxd4 8. Nxd4 e5 9. Nb5 Be7 10. Nf3 e4 11. Nfd4 0-0 12. Bc4 Bd7 13. 0-0 Rfc8 14. b3 Nc5 15. Bf4 a6 16. Nd6 Bxd6 17. Bxd6 b5 18. Be2 Nb7 19. Be5 Rc5 20. Bxf6 gxf6 21. c4 bxc4 22. Bxc4 Nd6 23. Be2 Nb5 24. Rfd1 Nc3 25. Rd2 Nxe2+ 26. Rxe2 f5 27. Rc2 Rxc2 28. Nxc2 Rc8 29. Ne3 Be6 30. g3 Kg7 31. Kf1 Kf6 32. Ke2 a5 33. Rd1 Ke5 34. Rd2 f4 35. gxf4+ Kxf4 36. Nd5+ Ke5 37. Ne3 f5 38. Rc2 Kd4 39. Rxc8 Bxc8 40. Kd2 f4 41. Nc2+ Kc5 42. a3 Bf5 43. b4+ axb4 44. axb4+ Kc4 45. b5 Bd7 46. Na3+ Kb4 47. b6 Bc6 48. Nc2+ Kc5 49. f3 e3+ 50. Kc3 Kxb6 51. Nd4 Bd5 52. Ne2 Kc5 53. Nxf4 Bc4 54. Ng2 e2 55. Kd2 Kd4 56. Ne1 Ke5 57. Ke3 Kf5 58. Nc2 Kg5 59. Kf2 Kh4 60. Nd4 Kh3 61. Nxe2 Kxh2 62. Nf4 h6 63. Nh5 1/2-1/2

[Event "FRA-ch U14"]
[Site "La Roche sur Yon"]
[Date "2008.04.25"]
[Round "7"]
[White "Sochacki, Christophe"]
[Black "Brunier, Jules"]
[Result "1-0"]
[WhiteElo "2185"]
[BlackElo "1886"]
[PlyCount "83"]
[EventDate "2008.04.21"]
[EventType "swiss"]
[EventRounds "9"]
[EventCountry "FRA"]
[SourceTitle "EXT 2010"]
[Source "ChessBase"]
[SourceDate "2010.11.25"]
[SourceVersion "1"]
[SourceVersionDate "2010.11.25"]
[SourceQuality "1"]

1. Nf3 e6 2. d4 f5 3. d5 Nf6 4. dxe6 dxe6 5. Qxd8+ Kxd8 6. Nc3 Bd6 7. e4 Nc6 8. Bg5 e5 9. 0-0-0 h6 10. Bh4 Ke7 11. Nd5+ Kf7 12. Bc4 Na5 13. Nxc7+ Nxc4 14. Nxa8 Nxe4 15. Rxd6 Nexd6 16. b3 g5 17. bxc4 Nxc4 18. Bxg5 hxg5 19. Nxg5+ Kf6 20. h4 b6 21. Nc7 Bb7 22. Rh2 Rc8 23. Nge6 Bd5 24. Nxd5+ Kxe6 25. Ne3 Nd6 26. f3 f4 27. Ng4 Rh8 28. h5 Ne8 29. h6 Nf6 30. Nxf6 Kxf6 31. Kd2 Rd8+ 32. Kc3 Rc8+ 33. Kd3 Rd8+ 34. Ke2 Ke6 35. h7 Rh8 36. Kd3 Kf5 37. Rh5+ Kg6 38. Rh3 Kf5 39. c3 Rd8+ 40. Kc4 Rh8 41. Kd5 Rd8+ 42. Kc6 1-0

[Event "FRA-ch U12"]
[Site "Aix les Bains"]
[Date "2006.??.??"]
[Round "1"]
[White "Meley, Hector"]
[Black "Brunier, Jules"]
[Result "0-1"]
[WhiteElo "1600"]
[BlackElo "1930"]
[PlyCount "100"]
[EventDate "2006.04.16"]
[EventType "swiss"]
[EventRounds "9"]
[EventCountry "FRA"]
[SourceTitle "EXT 2007"]
[Source "ChessBase"]
[SourceDate "2006.11.23"]
[SourceVersion "1"]
[SourceVersionDate "2006.11.23"]
[SourceQuality "1"]

1. c4 e5 2. Nc3 Nc6 3. g3 g6 4. Bg2 Bg7 5. d3 d6 6. Be3 Be6 7. Qb3 Nd4 8. Bxd4 exd4 9. Nd1 Rb8 10. Qa4+ Bd7 11. Qxa7 Ne7 12. Qa5 0-0 13. f4 Nc6 14. Qd2 Re8 15. Nf2 f5 16. Nf3 Re7 17. 0-0 Qe8 18. Rfe1 Be6 19. Ng5 h6 20. Nxe6 Rxe6 21. Bd5 Kh8 22. Bxe6 Qxe6 23. e3 dxe3 24. Rxe3 Qd7 25. Kg2 Nd4 26. Kf1 Qc6 27. Nh3 g5 28. fxg5 hxg5 29. Qg2 Qxg2+ 30. Kxg2 Nc2 31. Rae1 Nxe1+ 32. Rxe1 g4 33. Ng5 Bxb2 34. Re7 c6 35. Nf7+ Kg8 36. Nxd6 Ba3 37. Rxb7 Bxd6 38. Rxb8+ Bxb8 39. a4 Kf7 40. Kf2 Ba7+ 41. Ke2 Ke6 42. Kd2 Bb6 43. Kc3 c5 44. Kc2 Ke5 45. Kb3 Ba5 46. d4+ cxd4 47. Kc2 Ke4 48. Kb2 d3 49. c5 d2 50. c6 d1Q 0-1